000 00626nam a22002297a 4500
003 UA-OsUOA
001 88782
007 ta
008 20121017b un ||||| |||| 00| 0 ukr d
100 _aКилимник О. В.
090 _a82.09(477)
_bК39
942 _cBK
040 _aUA-OsUOA
_bukr
_cUA-OsUOA
_dUA-OsUOA
245 _aОлесь Гончар
_bлітературний портрет
300 _a123 с.
955 _a2
041 _aukr
080 _a82.09(477)
260 _aК.
_bХуд. літ.
_c1959
650 7 _a82 Література. Літературознавство
_2UDC
999 _c375061
_d375061